00881nam a2200229 4500001000400000003000400004005001700008008004100025020001700066040000800083041000800091082001700099100003500116245006100151260002400212300001100236520032300247650002600570650002500596650001900621650001100640361OSt20250401130950.0250401b |||||||e |||| 00| 0 eng d a978595440111 bpor apor a133.9bB663e1 aBoberg, José Lázarod1942- aO Evangelho de Maria Madalena /cBoberg, José Lázaro aCapivaribEMEc2017 a242 p. aNeste livro, José Lázaro Boberg busca reconstruir a verdade sobre Maria Madalena, uma das personagens femininas mais fortes da literatura antiga e que está presente nas reflexões espíritas. O que dizem os outros evangelhos? Ela foi esposa de Jesus? Foi prostituta? Foi a verdadeira fundadora do Cristianismo? 0aLiteratura Brasileira 0aEstudos Espíritas  0aMaria Madalena 0aTeoria